<?xml version="1.0" encoding="UTF-8"?>
<collection xmlns="http://www.loc.gov/MARC21/slim">
 <record>
  <leader>00710pamaa2200229   4500</leader>
  <controlfield tag="001">0000047941</controlfield>
  <controlfield tag="005">20120712090000.0</controlfield>
  <datafield tag="020" ind1="0" ind2="0">
   <subfield code="a">9781439046739 </subfield>
  </datafield>
  <datafield tag="020" ind1="0" ind2="0">
   <subfield code="a">9780538739368 </subfield>
  </datafield>
  <datafield tag="020" ind1="0" ind2="0">
   <subfield code="a">0538739363 (pbk.) </subfield>
  </datafield>
  <datafield tag="082" ind1=" " ind2=" ">
   <subfield code="a">570 STA 2011</subfield>
  </datafield>
  <datafield tag="090" ind1="0" ind2="0">
   <subfield code="a">QH307.2 </subfield>
   <subfield code="b">STA 2011</subfield>
  </datafield>
  <datafield tag="100" ind1="1" ind2="0">
   <subfield code="a">Starr </subfield>
  </datafield>
  <datafield tag="245" ind1="1" ind2="0">
   <subfield code="a">Biology : </subfield>
   <subfield code="b">concepts and applications  </subfield>
   <subfield code="c">Cecie Starr, Christine A. Evers, Lisa Starr.</subfield>
  </datafield>
  <datafield tag="250" ind1="0" ind2="0">
   <subfield code="a">8th ed.</subfield>
  </datafield>
  <datafield tag="260" ind1="0" ind2="0">
   <subfield code="a">Belmont, CA: </subfield>
   <subfield code="b">Thomson, Brooks/Cole, </subfield>
   <subfield code="c">2011.</subfield>
  </datafield>
  <datafield tag="300" ind1=" " ind2=" ">
   <subfield code="a">xxiv, 761p.(Appendix X, Glossary, Art Credits &amp; Acknowledgments): </subfield>
   <subfield code="b">col.ill.; </subfield>
   <subfield code="c">29cm.</subfield>
  </datafield>
  <datafield tag="501" ind1="0" ind2="0">
   <subfield code="a">BBTEI</subfield>
  </datafield>
  <datafield tag="650" ind1="0" ind2="0">
   <subfield code="a">Biology </subfield>
  </datafield>
  <datafield tag="700" ind1="1" ind2="1">
   <subfield code="a">Starr, </subfield>
   <subfield code="h">Lisa </subfield>
  </datafield>
  <datafield tag="700" ind1="1" ind2="1">
   <subfield code="a">Evers, </subfield>
   <subfield code="h">Christine A. </subfield>
  </datafield>
  <datafield tag="901" ind1=" " ind2=" ">
   <subfield code="u">http://www.thomsonedu.com</subfield>
  </datafield>
 </record>
</collection>
